000
00296nam a22001337a 4500
008
171127b xxu||||| |||| 00| 0 eng d
020
_a
9780226823379
041
_a
eng
080
_2
7 ED
_a
47
100
_a
37
101
_a
EDU
245
_a
A MANUAL WRITERS
_c
KATE.L.T
942
_2
udc
_c
BK
999
_c
38556
_d
38556